| 000 | 01054cab a22002535a 4500 | ||
|---|---|---|---|
| 001 | L138400 | ||
| 008 | 070604e20070524xxk f 000 0 eng d | ||
| 035 | _a(Sirsi) u138400 | ||
| 041 | 0 | _aeng | |
| 100 | 1 | _aAllen, Isabel | |
| 245 | 0 | 0 | _aAJ100 |
| 260 | _c2007 | ||
| 490 | 0 |
_aArchitects' Journal _v225(20) 24 May 2007, 27-100(47) |
|
| 520 | _a"Architects' Journal's" survey of the top 100 UK architectural practices ranked by the number of qualified architects, places BDP in top position, SMC Group in second place, and Foster and Partners in third. Includes details of each practice in the top 100, the largest regional practices, fee income, average salaries, work outside the UK, and AJ award winners. | ||
| 651 | 4 |
_aUnited Kingdom _y |
|
| 690 | _aMANAGEMENT-BUSINESS MANAGEMENT-PROFESSIONAL PRACTICE | ||
| 690 | _aBUILT ENVIRONMENT-CONSTRUCTION DESIGN-ARCHITECTURAL DESIGN | ||
| 700 | 1 | _aPallister, James | |
| 700 | 1 | _aSlavid, Ruth | |
| 700 | 1 | _aVaughan, Richard | |
| 700 | 1 | _aWaite, Richard | |
| 700 | 1 | _aWalker, Clive | |
| 942 | _n0 | ||
| 999 |
_c78852 _d78852 |
||